The Cambridge handbook of language learning.
Guardat en:
| Altres autors: | |
|---|---|
| Format: | Desconegut |
| Publicat: |
Cambridge, United Kingdom:
Cambridge University Press,
2019.
|
| Edició: | First published |
| Matèries: | |
| Etiquetes: |
Afegir etiqueta
Sense etiquetes, Sigues el primer a etiquetar aquest registre!
|
MARC
| LEADER | 00000 a2200000 4500 | ||
|---|---|---|---|
| 003 | CL-VaPUC | ||
| 005 | 20240821093033.0 | ||
| 008 | 240724t2019 ||||| |||| 00| 0 eng d | ||
| 999 | |c 444227 |d 444225 | ||
| 020 | |a 978-1-108-42043-3 | ||
| 040 | |c Pontificia Universidad Católica de Valparaíso | ||
| 082 | 7 | |2 22 |a 401.93 SCH 2019 | |
| 100 | |a Schwieter, John |9 890261 |e editor | ||
| 245 | |a The Cambridge handbook of language learning. | ||
| 250 | |a First published | ||
| 260 | |a Cambridge, United Kingdom: |b Cambridge University Press, |c 2019. | ||
| 300 | |a 805 páginas | ||
| 583 | |k GC |c 20240724 | ||
| 650 | 0 | |9 265069 |a Lenguaje |x Adquisición | |
| 650 | 0 | |9 556822 |a Segunda lengua |x Adquisición | |
| 942 | |2 ddc |c BK | ||
| 952 | |0 0 |1 0 |2 ddc |4 0 |6 401_930000000000000_SCH_2019 |7 0 |8 A |9 595922 |a BIBEDU |b BIBEDU |d 2024-07-23 |e 13 |g 273700.00 |i 5662283 |o 401.93 SCH 2019 |p 5662283 |r 2024-07-23 |t 1 |v 273700.00 |w 2024-07-23 |y BK |k LIT | ||